| 000 | 00990cam a22002654a 4500 | ||
|---|---|---|---|
| 001 | 13726228 | ||
| 005 | 20171214042423.0 | ||
| 008 | 040921s2005 tnuab b 001 0 eng | ||
| 010 | _a 2004022129 | ||
| 020 | _a0826514588 (cloth : alk. paper) | ||
| 020 | _a0826514596 (pbk. : alk. paper) | ||
| 040 |
_aDLC _cDLC _dDLC |
||
| 041 | _aeng | ||
| 042 | _apcc | ||
| 043 | _an-us-tn | ||
| 080 | _a72 KRE | ||
| 082 | 0 | 0 |
_a72 KRE _222 |
| 100 | 1 | _a72 | |
| 101 | _aARK | ||
| 245 | 1 | 4 |
_aThe plan of Nashville : _cNashville Civic Design Center, Mark Schimmenti ... [et al.] ; written and edited by Christine Kreyling. |
| 504 | _aIncludes bibliographical references (p. 243-246) and index. | ||
| 906 |
_a7 _bcbc _corignew _d1 _eecip _f20 _gy-gencatlg |
||
| 942 |
_2ddc _cBK |
||
| 999 |
_c38909 _d38909 |
||